| 000 | 00952cab a22002295a 4500 | ||
|---|---|---|---|
| 001 | L137531 | ||
| 008 | 070413e20070324xxkabd f 000 0 eng d | ||
| 035 | _a(Sirsi) u137531 | ||
| 041 | 0 | _aeng | |
| 100 | 1 | _aCunningham, Daniel | |
| 245 | 0 | 0 |
_aFocus _bGreater Manchester |
| 260 | _c2007 | ||
| 490 |
_aEstates Gazette _v(0712) 24 March 2007, 123-145(13) |
||
| 520 | _aTopics covered include; an assessment of the property market performance of Manchester?s neighbouring towns; the local development agency?s masterplan for the regeneration of Rochdale town centre; proposals for the introduction of a congestion charge in Manchester, possibly as soon as 2012; and plans to regenerate Bury?s The Rock shopping street as a retailed mixed use development. | ||
| 590 | _aKA | ||
| 651 | 4 | _aGREATER MANCHESTER | |
| 690 | _aPROPERTY-PROPERTY MARKET | ||
| 700 | 1 | _aQuinn, David | |
| 700 | 1 | _aPilkington, Lisa | |
| 700 | 1 | _aAugust, Alysia | |
| 942 | _n0 | ||
| 999 |
_c78651 _d78651 |
||